000 00548nam a22001937a 4500
003 OSt
005 20210426071014.0
008 210216s1958 ||||| |||| 00| 0 eng d
040 _aeng
_beng
_cDLC
041 _aeng
080 _a616.8
_bB-17
100 _9902
_aBaker, B., A.
_eEditor
245 _aAn Outline of Clinical Neurology
_c/ by: WM. C. Brown Book Company
260 _aDubuque, Iowa
_bWM. C. Brown Book Company
_c1958
300 _a250 p.
_bill.
650 0 _9100
_aNeurology
653 _aნევროლოგია
942 _2udc
_cBK
999 _c1418
_d1418